ბათუმის შოთა რუსთაველის სახელმწიფო უნივერსიტეტის ბიბლიოთეკა

მელვინ მენჩერის ახალი ამბების გაშუქება და წერა / (ბიბ.ჩანაწერი № 51011)

000 -ლიდერი
ფიქსირებული სიგრძის საკონტროლო ველი 01528nam a2200277Ia 4500
001 - საკონტროლო ნომერი
საკონტროლო ველი 17968
003 - საკონტროლო ნომრის იდენტიფიკატორი
საკონტროლო ველი GE_BSU
005 - ბოლო ოპერაციის თარიღი და დრო
საკონტროლო ველი 20210408121751.0
008 - ფიქსირებული სიგრძის მონაცემთა ელემენტები - ზოგადი ინფორმაცია
ფიქსირებული სიგრძის საკონტროლო ველი 181216s2013||||ge |||||||||||||| ||geo||
020 ## - წიგნის საერთაშორისო სტანდარტული ნომერი
International Standard Book Number 9789941114380
041 ## - ენის კოდი
Language code of text/sound track or separate title geo
080 ## - უნივერსალური ათობითი კლასიფიკაციის ინდექსი
Universal Decimal Classification number 070.431 მ-56
100 ## - მთავარი ჩანაწერი - პიროვნების სახელი
Personal name მენჩერი, მელვინ
9 (RLIN) 11191
245 ## - ცნობა სათაურის შესახებ
Title მელვინ მენჩერის ახალი ამბების გაშუქება და წერა /
Statement of responsibility, etc მელვინ მენჩერი ; მთარგმნ. ლაშა გველესიანი ; სამეცნ. რედ. ნიკო ნერგაძე.
250 ## - გამოცემის ცნობა
Edition statement მე-12 გამოცემა
264 ## - წარმოების, გამოცემის, დისტრიბუციის და სხვა ცნობები
გამოცემის, წარმოების, დისტრიბუციის... ადგილი თბილისი:
გამოცემის, წარმოების, დისტრიბუციის... სახელწოდება დიოგენე,
გამოცემის, წარმოების, დისტრიბუციის... თარიღი 2013.
300 ## - ფიზიკური აღწერა
Extent XX, 579 გვ. :
Other physical details ფოტ. ; 23 სმ.
504 ## - BIBLIOGRAPHY, ETC. NOTE
Bibliography, etc გლოსარიუმი: გვ. 570-577.
653 ## - INDEX TERM--UNCONTROLLED
Uncontrolled term მელვინ მენჩერის ახალი ამბების გაშუქება და წერა
653 ## - INDEX TERM--UNCONTROLLED
Uncontrolled term ჟურნალისტიკა
653 ## - INDEX TERM--UNCONTROLLED
Uncontrolled term ახალი ამბების გაშუქება
700 ## - ADDED ENTRY--PERSONAL NAME
Personal name გველესიანი, ლაშა
Relator term მთარგმნელი
9 (RLIN) 7510
700 ## - ADDED ENTRY--PERSONAL NAME
Personal name ნერგაძე, ნიკო
Relator term სამეცნიერო რედაქტორი
9 (RLIN) 11192
710 ## - ADDED ENTRY--CORPORATE NAME
Corporate name or jurisdiction name as entry element ფონდი "ღია საზოგადოება-საქართველო"
9 (RLIN) 11193
942 ## - ADDED ENTRY ELEMENTS (KOHA)
Koha item type წიგნი
Source of classification or shelving scheme
ეგზემპლარები
ჩამოწერის სტატუსი დაკარგული ეგზემპლარის სტატუსი კლასიფიკაციის წყარო ან თაროზე გაწყობის სქემა დაზიანების სტატუსი არ გაიცემა მუდმივი მდებარეობა (დაცვის ადგილი) ამჟამინდელი ადგილსამყოფელი თაროზე განთავსების ადგილი შეძენის თარიღი სრული შენახვის შიფრი შტრიხკოდი ბოლო ოპერაციის თარიღი ეგზემპლარის მიმდევრობითი ნომერი (კეტერი?) ფასის ძალაში შესვლის თარიღი ეგზემპლარის სახეობა
          ბათუმის შოთა რუსთაველის სახელმწიფო უნივერსიტეტის მთავარი ბიბლიოთეკა ბათუმის შოთა რუსთაველის სახელმწიფო უნივერსიტეტის მთავარი ბიბლიოთეკა წიგნსაცავი 2018-12-17 070.431 მ-56 27759 2018-12-17 27759 2018-12-17 წიგნი